01075cam a22002895a 4500001001000000003000400010005001700014008004100031020001800072040003600090082002000126245011000146260005200256300003500308490003900343500002400382504004100406650004000447651001000487653002500497700003500522700003200557700003000589942000800619999001700627952014100644017073018OSt20201128023954.0150128s2015 enka frb f001 0 eng d a9781107499362 aStDuBDSbengcStDuBDSdEG-ScBUE04a658.16222bDOW00aDownsizing :bis less still more? /cedited by Cary L. Cooper, Alankrita Pandey and James Campbell Quick. aCambridge :bCambridge University Press,c2015. axxvi, 429 p. :bill. ;c23 cm.0 aCambridge companions to management aIndex : p. 418-429. aIncludes bibliographical references. 7aDownsizing of organizations.2BUEsh 2BUEsh bBUSADMcNovember20161 aCooper, Cary L.,eeditor.99331 aPandey, Alankrita,eeditor.1 aQuick, James C.,eeditor. 2ddc c22986d22958 00102ddc40708BaccahaMAINbMAINc1STd2016-11-02ePurchaseg330.00h25136l0o658.16 DOWp000034599r2025-07-15 00:00:00v412.50yBB